Quizzes
Events
Quiz Creation
Community
Videos
Private Events
Remove Ads
Sign In
Join for FREE
Feedback
Dark Mode
Quiz Categories
Sports
Geography
Music
Movies
Television
Just For Fun
Miscellaneous
History
Literature
Language
Science
Gaming
Entertainment
Religion
Holiday
For Kids
Quiz Lab
Recent
Popular Today
Quiz Kudos Today
Editor Picks
Curator Picks
Quizzes by...
Day
Popularity
Type
Ratings
Length
Year
Community
Subscriptions
Recent Discussions
Orange Saloon
Badges
Playlists
Quests
Create
Leaderboards
Showdown
Live 5
Trivia Bingo
Activity
Puzzle Library
Sporcle Events
Private Events
Virtual Trivia
Globe League
Become a Host
Pub Owners
SporcleCon
Opinionation
Our Games
Videos
Blog
Mobile Apps
Partnerships
Remove Ads and Go Orange
Feedback
Geography
Country
Landmarks
City
State
Population
World
Capital
Continent
Flags
Europe
Africa
Asia
South America
North America
Oceania
Border
Canada
United Kingdom
Topography
United States
Geography
Country
Landmarks
City
State
Population
World
Capital
Continent
Flags
Europe
Africa
Asia
South America
North America
Oceania
Border
Canada
United Kingdom
Topography
United States
Random Quiz
Search Sporcle
×
Quiz Lab
Quiz Lab
Geography
Country
Type in answers that appear in a list
Type in answers that appear in a list
Classic
Best Score? Go Orange.
North Korean Embassies Stats
Can you name the countries in which there is a North Korean embassy?
By
Paul91
10m
44 Questions
437 Plays
437 Plays
437 Plays
Comments
Comments
Give Quiz Kudos
Give Quiz Kudos
-
- Ratings
hide this ad
Replay
Link that replays current quiz
Next Quiz
Link to next quiz in quiz playlist
You Got
0%
They Got
Avg Score
64%
Avg Friend Score
Upgrade to see
Score Distribution
Jump to the score distribution portion of the page
Score
0/44
Timer
10:00
0
Plays Today
Country
% Correct
China
97.9%
Russia
97%
United Kingdom
88.6%
Iran
86.3%
Vietnam
85.4%
India
85.1%
Cuba
83.3%
Laos
82.2%
Indonesia
80.8%
Germany
79.2%
Cambodia
77.3%
Thailand
77.3%
Brazil
76.9%
Malaysia
76.2%
Pakistan
75.1%
Sweden
73.9%
Egypt
71.2%
Italy
70.9%
Mexico
69.1%
Mongolia
68.9%
Switzerland
68.4%
Syria
67.3%
Country
% Correct
South Africa
66.4%
Singapore
65.2%
Yemen
62%
Poland
61.3%
Nepal
61.1%
Austria
59.3%
Bangladesh
58.6%
Libya
58.6%
Nigeria
56.3%
Romania
55.6%
Ethiopia
53.8%
Uzbekistan
52.2%
Bulgaria
48.3%
Peru
47.4%
Lebanon
47.1%
Kuwait
40.3%
Czech Republic
39.8%
Tanzania
39.6%
Ghana
37.5%
Uganda
31.4%
Guinea
29.7%
Equatorial Guinea
25.2%
Quiz Playlist
Details
Report
Send in Message
Add To Playlist
Classic:
Type in answers that appear in a list
Last Updated: Feb 16, 2017
Quiz Scoreboard
CHALLENGE
Sign Up to Join the Scoreboard
Show All
Scores
Hide
Comments
May contain spoilers
Recently Published
College Basketball Coaching Resumes
by pancakes188
Sports
9m
Billboard Blitz: Fleetwood Mac
by CooCooCachoo
Music
15s
Presidents Visiting Landmarks
by Hejman
History
7m
More to Explore
Quiz From the Vault
Featured Blog Post
Where Did the Easter Bunny Come From?
hide this ad
You Might Also Like...
Tags
Country Quiz
diplomatic
Embassy
Korea
mission
Today's Top Quizzes in Geography
Browse Geography
hide this ad
Today's Top Quizzes in Country
Browse Country
Top Contributed Quizzes in Geography
1
Countries of the World - No Outlines Minefield
2
Top 25 Cities of France on a map
3
Any capital of a 'B' country per Continent
4
Any capital of a 'C' country per Continent
5
Closest Countries to UK A-Z
6
Any capital of a 'D' country per Continent
7
5-to-1: US Geography No Hints
8
Any capital of an 'E' country per Continent
9
Any capital of an 'F' country per Continent
10
One Thing in Common: United Kingdom
Explore More
Trending Topics
NBA
Marvel
Kpop
Crossword
Anime
Harry Potter
Disney
Country
Soccer
WWE
Song
Pokémon
NFL
Puzzle
The Office
hide this ad
More By:
Paul91
Quiz
Plays
Rating
Category
Featured
Created
The Ultimate Friends Quiz
2,219,408
4.49
Television
Oct 21, 2009
Retired World Flags
90,373
4.59
Geography
Jun 14, 2011
Ultimate Friends Quiz II
36,515
4.38
Television
Nov 29, 2010
Sung Titles: Bob Dylan
2,024
4.67
Music
Dec 27, 2012
Irish Counties by Irish Name
1,440
5.00
Geography
Jul 23, 2011
Go to Creator's Profile
Score Distribution
Quiz Creator Spotlight
Paul91
Follow
Send a Message
Quizzes Created
-
Created Quiz Play Count
-
More By This Creator
Popular Quizzes Today
1
Find the US States - No Outlines Minefield
2
Find the Countries of Europe - No Outlines Minefield
3
The Countries of the World
4
Find the US States
5
Risky Map Clicking: Biggest States A-Z
6
US States
7
Popular People in 1961
8
Movies - When Are They Set?
More Geography Quizzes
Hoofdsteden van Nederlandse Provincies
Quiz Lab
Trending Quizzes
Risky Map Clicking: Least Populous States A-Z
1-10 Letter G Words
1-10 Letter F Words
Risky Map Clicking: Next State Alphabetically
Risky Map Clicking: Biggest States A-Z
Recently Updated
Leaping Animals
pecheneg
Reality TV Shows (A-Z)
bhenderson79
Rickey Henderson's Hall of Fame Teammates
pecheneg
Champions League XIs: Arsenal
pecheneg
Quick Pick: Celebrities in WWE's Hall of Fame
aduchscher
A-Z Keypad Blitz II
pecheneg
Multiple Oscar Actors
pecheneg
Mystery Phrase Blitz: Oscar 'Best Actors'
pecheneg
F. Scott Fitzgerald Novels
LTH
Pick 3 Villains
ddd62291
Trending Topics
Crossword
Harry Potter
Marvel
Disney
Anime
Kpop
NBA
The Office
Song
Soccer
Country
Pokémon
NFL
WWE
Puzzle
Your Account Isn't Verified!
In order to create a playlist on Sporcle, you need to verify the email address you used during registration. Go to your
Sporcle Settings
to finish the process.
Report this User
Report this user for behavior that violates our
Community Guidelines
.
Details:
Send Report
Go to the Sporcle.com Mobile Site →
Comments